00733 a2200205 4500001000700000020001800007040003200025100002300057245003600080250001000116260001600126300003200142362000900174490005600183520019700239650001500436650002400451650002900475650002300504125114 a9788508066391 cEscola Canadense de Niteroi aMachado, Ana Maria10aMenina Bonita Do Laço De Fita a7.ed. aSão Paulo a22 p.bil.c9 x 0.3 x 22 cm0 a20050 aColeção Barquinho de Papel de Ana Maria Machado aUma linda menina de fita no cabelo desperta a admiração de um coelho branco, que deseja ter uma filha tão pretinha como ela. Mas antes precisa descobrir o segredo de como ter aquela cor. 4aIdentidade 4aLiteratura Infantil 4aRespeitando Diferenças 4aDiversidade Racial